[Event "76. Campeonato de Alemania"]
[Site "Altenkirchen GER"]
[Date "2005.02.21"]
[Round "4.16"]
[White "Schunk, Thomas"]
[Black "Bastian, Herbert"]
[Result "1-0"]
[WhiteElo "2280"]
[BlackElo "2400"]
[PlyCount "123"]
[EventDate "2005.02.18"]
[EventType "swiss"]
[EventRounds "9"]
[EventCountry "GER"]
[Source "lmi"]
[SourceDate "2005.02.23"]

1. d4 Nf6 2. c4 g6 3. Nf3 Bg7 4. g3 O-O 5. Bg2 d6 6. O-O c6 7. Nc3 Qa5 8. d5
Qb4 9. Nd2 Bd7 10. a3 Qb6 11. h3 Rc8 12. Nb3 Qa6 13. Nd2 Qb6 14. e3 Na6 15. Re1
Nc5 16. Bf1 a5 17. Rb1 cxd5 18. cxd5 a4 19. e4 Nh5 20. Nc4 Qc7 21. Be3 f5 22.
g4 fxg4 23. hxg4 Nf6 24. f3 b5 25. Nd2 Rcb8 26. Na2 Ne8 27. Qe2 Na6 28. Rec1
Qd8 29. Qf2 e6 30. dxe6 Bxe6 31. Nc3 Qd7 32. Be2 b4 33. axb4 Rxb4 34. Qf1 Nec7
35. Nc4 Rab8 36. e5 d5 37. Rd1 Qe8 38. Na3 Bxe5 39. Bxa6 Nxa6 40. Qxa6 d4 41.
Nc2 Bc4 42. Qa5 Rxb2 43. Rxb2 Rxb2 44. Bxd4 Bh2+ 45. Kxh2 Rxc2+ 46. Kg1 Rd2 47.
Bf2 Rxd1+ 48. Nxd1 h5 49. g5 Qe2 50. Qd8+ Kh7 51. Qc7+ Kg8 52. Ne3 Bb3 53. Qd8+
Kh7 54. Qe7+ Kg8 55. Qf6 Qd3 56. Qb2 h4 57. Qc1 Be6 58. Qc6 Qb1+ 59. Nf1 Kf7
60. Qc7+ Ke8 61. Bc5 Bd7 62. Qd6 1-0

[Event "76. Campeonato de Alemania"]
[Site "Altenkirchen GER"]
[Date "2005.02.21"]
[Round "4.17"]
[White "Schunk, Eduard"]
[Black "Meier, Georg"]
[Result "0-1"]
[WhiteElo "2337"]
[BlackElo "2372"]
[PlyCount "86"]
[EventDate "2005.02.18"]
[EventType "swiss"]
[EventRounds "9"]
[EventCountry "GER"]
[Source "lmi"]
[SourceDate "2005.02.23"]

1. e4 e6 2. d3 d5 3. Qe2 Nf6 4. Nf3 Be7 5. g3 b5 6. e5 Nfd7 7. Bg2 c5 8. h4 Nc6
9. O-O a5 10. Bf4 b4 11. Nbd2 Ba6 12. c4 bxc3 13. bxc3 c4 14. d4 a4 15. Rac1 h6
16. Qe3 Rb8 17. Rb1 Bb5 18. Bh3 a3 19. h5 Ba4 20. Rxb8 Ncxb8 21. Rb1 Bc2 22.
Rc1 Bd3 23. Ne1 Bh7 24. Nc2 Nc6 25. Bg4 Qa5 26. Bd1 O-O 27. Rb1 Nb6 28. Rc1 Rb8
29. Ne1 Nd7 30. g4 Rb2 31. Ra1 Na7 32. Ndf3 Nb5 33. Rc1 Rxa2 34. g5 Rb2 35.
gxh6 a2 36. Bg5 Ba3 37. Bf6 gxf6 38. exf6 Bf8 39. Qg5+ Kh8 40. Qg3 Qc7 41. Qg5
Qd8 42. Bc2 Qxf6 43. Bxh7 Kxh7 0-1

[Event "76. Campeonato de Alemania"]
[Site "Altenkirchen GER"]
[Date "2005.02.21"]
[Round "4.18"]
[White "Reuss, Andreas"]
[Black "Asendorf, Joachim"]
[Result "1-0"]
[WhiteElo "2370"]
[BlackElo "2282"]
[PlyCount "61"]
[EventDate "2005.02.18"]
[EventType "swiss"]
[EventRounds "9"]
[EventCountry "GER"]
[Source "lmi"]
[SourceDate "2005.02.23"]

1. e4 c5 2. f4 d5 3. d3 Nc6 4. Nf3 e6 5. Nc3 b5 6. a4 b4 7. Nb1 Ba6 8. Be3 Nf6
9. Nbd2 Qc7 10. g3 Be7 11. e5 Nd7 12. Bh3 O-O 13. O-O Rae8 14. Bf2 Na5 15. Re1
c4 16. d4 c3 17. bxc3 bxc3 18. Nf1 Nc4 19. Ne3 Nb2 20. Qc1 Nb6 21. f5 Bc8 22.
g4 Kh8 23. Bg3 N6xa4 24. f6 gxf6 25. Nxd5 Qc6 26. exf6 Bd8 27. Qh6 Rg8 28. Ne5
Qb7 29. Ne7 Rxe7 30. fxe7 Qxe7 31. Nxf7+ 1-0

[Event "76. Campeonato de Alemania"]
[Site "Altenkirchen GER"]
[Date "2005.02.21"]
[Round "4.19"]
[White "Dresen, Ulrich"]
[Black "Muranyi, Karl-Jasmin"]
[Result "0-1"]
[WhiteElo "2322"]
[BlackElo "2365"]
[PlyCount "100"]
[EventDate "2005.02.18"]
[EventType "swiss"]
[EventRounds "9"]
[EventCountry "GER"]
[Source "lmi"]
[SourceDate "2005.02.23"]

1. d4 c6 2. c4 Nf6 3. Nf3 d5 4. e3 Bg4 5. cxd5 Bxf3 6. gxf3 cxd5 7. Qb3 Qd7 8.
Bd2 Nc6 9. Nc3 e6 10. Rc1 Be7 11. Na4 O-O 12. Bb5 Rfc8 13. O-O Bd6 14. Rfd1 Qe7
15. Bc3 Rab8 16. Qc2 Nd7 17. a3 Qh4 18. Kf1 a6 19. Bxc6 Rxc6 20. b4 Nb6 21.
Nxb6 Rxb6 22. Qa4 Rc6 23. b5 axb5 24. Qxb5 Bxa3 25. Bb2 Rxc1 26. Rxc1 Bxb2 27.
Qxb2 Qxh2 28. Qxb7 h6 29. Rc8+ Rxc8 30. Qxc8+ Kh7 31. Qc2+ g6 32. Qc6 Qh1+ 33.
Ke2 Qh5 34. Qc7 Qf5 35. Qb7 Kg7 36. Qc7 h5 37. Qg3 g5 38. Kf1 Kg6 39. Kg2 g4
40. f4 Qf6 41. Qh2 h4 42. Qh1 Kh5 43. Qb1 Kh6 44. Qh1 Kg6 45. Qh2 Kh5 46. Qh1
Qg6 47. Qd1 Qe4+ 48. Kh2 h3 49. Qf1 Qf3 50. Qg1 Kh4 0-1

[Event "76. Campeonato de Alemania"]
[Site "Altenkirchen GER"]
[Date "2005.02.21"]
[Round "4.21"]
[White "Schinke, Andreas"]
[Black "Namyslo, Holger"]
[Result "0-1"]
[WhiteElo "2191"]
[BlackElo "2314"]
[PlyCount "50"]
[EventDate "2005.02.18"]
[EventType "swiss"]
[EventRounds "9"]
[EventCountry "GER"]
[Source "lmi"]
[SourceDate "2005.02.23"]

1. e4 e6 2. d4 d5 3. exd5 exd5 4. Nf3 Nc6 5. Bd3 Bg4 6. c3 Qf6 7. Be2 h6 8. O-O
Bd6 9. Re1 Nge7 10. Ne5 Be6 11. f4 O-O-O 12. b4 g5 13. b5 Na5 14. Rf1 Qg7 15.
f5 Nxf5 16. Qa4 Bxe5 17. Qxa5 Bxd4+ 18. cxd4 Qxd4+ 19. Kh1 Qxa1 20. Nc3 d4 21.
Ne4 Qxa2 22. Ba3 Qxe2 23. Rc1 Bc4 24. Nc5 Ne3 25. Rg1 Bd5 0-1

[Event "76. Campeonato de Alemania"]
[Site "Altenkirchen GER"]
[Date "2005.02.21"]
[Round "4.22"]
[White "Schneider, Bernd"]
[Black "Schmidt, Reiner"]
[Result "1-0"]
[WhiteElo "2293"]
[BlackElo "2183"]
[PlyCount "39"]
[EventDate "2005.02.18"]
[EventType "swiss"]
[EventRounds "9"]
[EventCountry "GER"]
[Source "lmi"]
[SourceDate "2005.02.23"]

1. e4 e6 2. d4 d5 3. e5 c5 4. c3 Nc6 5. Nf3 Qb6 6. a3 Nh6 7. b4 cxd4 8. Bxh6
gxh6 9. cxd4 Bd7 10. Be2 Rc8 11. O-O Bg7 12. Qd3 O-O 13. Nbd2 f6 14. exf6 Rxf6
15. Nb3 Rcf8 16. Rae1 Be8 17. Qe3 Ne7 18. Nc5 Ng6 19. g3 Rf5 20. Nxe6 1-0

[Event "76. Campeonato de Alemania"]
[Site "Altenkirchen GER"]
[Date "2005.02.22"]
[Round "5.1"]
[White "Gustafsson, Jan"]
[Black "Khenkin, Igor"]
[Result "1/2-1/2"]
[WhiteElo "2616"]
[BlackElo "2604"]
[PlyCount "72"]
[EventDate "2005.02.18"]
[EventType "swiss"]
[EventRounds "9"]
[EventCountry "GER"]
[Source "lmi"]
[SourceDate "2005.02.23"]

1. d4 d5 2. c4 e6 3. Nf3 Nf6 4. g3 dxc4 5. Bg2 Nc6 6. Qa4 Bb4+ 7. Bd2 Bd6 8.
Na3 Bxa3 9. Qxa3 Ne4 10. Be3 Qd6 11. Rc1 Qxa3 12. bxa3 Nd6 13. Ne5 Bd7 14. Nxc4
Nf5 15. Bf4 Rc8 16. e3 Nfe7 17. g4 h5 18. h3 f6 19. Bg3 Kf7 20. Nb2 b6 21. Nc4
g5 22. Bf3 h4 23. Bh2 Nd5 24. O-O Nce7 25. Rfd1 Bb5 26. Rd2 Rhd8 27. Bd1 Bxc4
28. Rxc4 c5 29. Bb3 cxd4 30. Rcxd4 Rc1+ 31. Kg2 Nc6 32. R4d3 Ke7 33. Kf3 Rh1
34. Kg2 Rc1 35. Kf3 Rh1 36. Kg2 Rc1 1/2-1/2

[Event "76. Campeonato de Alemania"]
[Site "Altenkirchen GER"]
[Date "2005.02.22"]
[Round "5.2"]
[White "Wisnewski, Christoph"]
[Black "Graf, Alexander"]
[Result "0-1"]
[WhiteElo "2401"]
[BlackElo "2637"]
[PlyCount "80"]
[EventDate "2005.02.18"]
[EventType "swiss"]
[EventRounds "9"]
[EventCountry "GER"]
[Source "lmi"]
[SourceDate "2005.02.23"]

1. e4 e5 2. Nc3 Nf6 3. a3 Nc6 4. Nf3 d6 5. d4 exd4 6. Nxd4 Be7 7. Be2 O-O 8.
O-O Re8 9. f4 Nxd4 10. Qxd4 c6 11. h3 d5 12. exd5 Be6 13. f5 Bxd5 14. Nxd5 Nxd5
15. c3 Bd6 16. Bc4 Qe7 17. Kh1 Bc5 18. Qg4 Nf6 19. Qf3 Qe5 20. g4 Rad8 21. Bf4
Qe4 22. Ba2 Kf8 23. Qxe4 Rxe4 24. Rae1 Rde8 25. Rxe4 Rxe4 26. b4 Be7 27. Bb8
Re3 28. Kg2 Ne4 29. Bb1 Nd2 30. Rd1 Nxb1 31. Rxb1 Rxc3 32. Bxa7 Rxa3 33. Bf2
Ra2 34. Kf3 Ra3+ 35. Kg2 Bd6 36. b5 c5 37. b6 Ke7 38. Rb5 Kd7 39. Bxc5 Ra2+ 40.
Bf2 Kc6 0-1

[Event "76. Campeonato de Alemania"]
[Site "Altenkirchen GER"]
[Date "2005.02.22"]
[Round "5.5"]
[White "Braun, Arik"]
[Black "Sprenger, Jan Michael"]
[Result "1/2-1/2"]
[WhiteElo "2463"]
[BlackElo "2491"]
[PlyCount "119"]
[EventDate "2005.02.18"]
[EventType "swiss"]
[EventRounds "9"]
[EventCountry "GER"]
[Source "lmi"]
[SourceDate "2005.02.23"]

1. d4 Nf6 2. c4 e6 3. Nc3 Bb4 4. e3 O-O 5. Bd3 d5 6. Nf3 c5 7. O-O cxd4 8. exd4
dxc4 9. Bxc4 b6 10. Bg5 Bb7 11. Re1 Nbd7 12. Rc1 Rc8 13. Qb3 Bxc3 14. Rxc3 Bd5
15. Bxd5 Rxc3 16. bxc3 exd5 17. Qa3 a5 18. Re7 Re8 19. Bxf6 Nxf6 20. Rb7 Re6
21. Qb3 h6 22. h3 Ne4 23. Ne5 Qh4 24. Qc2 g6 25. Rd7 Rf6 26. Ng4 Rf5 27. Qe2
Kg7 28. Qe3 Qg5 29. f3 Nf6 30. Qxg5 hxg5 31. Rc7 Nxg4 32. hxg4 Rf6 33. Kf2 Re6
34. a4 Kf8 35. c4 dxc4 36. Rxc4 Ke7 37. Rc7+ Kf8 38. Rd7 Rc6 39. Ke3 Rc4 40.
Rb7 Rxa4 41. Rxb6 Ra2 42. Ra6 Ke7 43. Ke4 Re2+ 44. Kd5 Rxg2 45. Ra7+ Kf8 46.
Rxa5 Rf2 47. Ra3 Ke7 48. Ra7+ Kf6 49. Ra3 Ke7 50. Rc3 Kd7 51. Ke5 Ke7 52. Rc7+
Kf8 53. Ke4 f5+ 54. Ke3 Rg2 55. gxf5 gxf5 56. Rc5 f4+ 57. Ke4 g4 58. Re5 Re2+
59. Kxf4 Rxe5 60. dxe5 1/2-1/2

[Event "76. Campeonato de Alemania"]
[Site "Altenkirchen GER"]
[Date "2005.02.22"]
[Round "5.6"]
[White "Baramidze, David"]
[Black "Breutigam, Martin"]
[Result "1-0"]
[WhiteElo "2550"]
[BlackElo "2403"]
[PlyCount "73"]
[EventDate "2005.02.18"]
[EventType "swiss"]
[EventRounds "9"]
[EventCountry "GER"]
[Source "lmi"]
[SourceDate "2005.02.23"]

1. e4 e6 2. d4 d5 3. Nc3 Nf6 4. e5 Ne4 5. Bd3 Nxc3 6. bxc3 c5 7. Nf3 Bd7 8. O-O
c4 9. Be2 Ba4 10. h4 h6 11. h5 Nc6 12. Nh2 Be7 13. Bg4 b6 14. f4 Kd7 15. f5 Qg8
16. Qf3 Kc7 17. fxe6 fxe6 18. Qf7 Qxf7 19. Rxf7 Kd7 20. Rxg7 Bxc2 21. Be3 Raf8
22. Rf1 Rxf1+ 23. Kxf1 Nd8 24. Bh3 Rh7 25. Rg8 a5 26. Ng4 Rf7+ 27. Ke1 Bd3 28.
Bxh6 Rf1+ 29. Kd2 Ra1 30. Nf6+ Kc6 31. Bf8 Rxa2+ 32. Ke3 Re2+ 33. Kf3 Bxf6 34.
exf6 Nf7 35. Rg7 Nh6 36. Re7 Ng8 37. f7 1-0

[Event "76. Campeonato de Alemania"]
[Site "Altenkirchen GER"]
[Date "2005.02.22"]
[Round "5.8"]
[White "Muranyi, Karl-Jasmin"]
[Black "Tischbierek, Raj"]
[Result "0-1"]
[WhiteElo "2365"]
[BlackElo "2477"]
[PlyCount "88"]
[EventDate "2005.02.18"]
[EventType "swiss"]
[EventRounds "9"]
[EventCountry "GER"]
[Source "lmi"]
[SourceDate "2005.02.23"]

1. d4 d6 2. Nf3 Bg4 3. Nbd2 Nd7 4. h3 Bh5 5. c3 c6 6. Qb3 Qc7 7. g4 Bg6 8. Nh4
e5 9. Bg2 Be7 10. Nxg6 hxg6 11. Nf3 e4 12. Nh2 d5 13. Nf1 f5 14. c4 Ngf6 15.
cxd5 Nxd5 16. Ne3 Nf4 17. gxf5 gxf5 18. Kf1 Rf8 19. Bd2 O-O-O 20. Rc1 Nb6 21.
Bc3 Kb8 22. a4 Nxg2 23. Nxg2 Nd5 24. Bd2 f4 25. f3 e3 26. Bc3 Rh8 27. Qc2 Qd7
28. h4 Bxh4 29. Nxh4 g5 30. Kg2 gxh4 31. Rcg1 h3+ 32. Kh2 Rdg8 33. Rg6 Qf7 34.
Rhg1 a6 35. Be1 Ka8 36. b4 Ne7 37. R6g4 Rxg4 38. Rxg4 Rg8 39. Qe4 Qa2 40. Rxg8+
Nxg8 41. Qd3 Qa1 42. Qc3 Qd1 43. Kxh3 Qxe2 44. Kg4 Nf6+ 0-1

[Event "76. Campeonato de Alemania"]
[Site "Altenkirchen GER"]
[Date "2005.02.22"]
[Round "5.9"]
[White "Heidorn, Oliver"]
[Black "Schunk, Eduard"]
[Result "0-1"]
[WhiteElo "2111"]
[BlackElo "2337"]
[PlyCount "72"]
[EventDate "2005.02.18"]
[EventType "swiss"]
[EventRounds "9"]
[EventCountry "GER"]
[Source "lmi"]
[SourceDate "2005.02.23"]

1. e4 e5 2. Nf3 Nc6 3. Bc4 Nf6 4. d3 h6 5. c3 d6 6. h3 g6 7. b4 Bg7 8. Qb3 Qe7
9. Nbd2 O-O 10. a4 Nd8 11. Ba3 a6 12. g4 Nd7 13. d4 exd4 14. cxd4 Nb6 15. Be2
Ne6 16. a5 Nd7 17. Qe3 Qf6 18. Rc1 Nf4 19. Kf1 Nxe2 20. Qxe2 c6 21. Nc4 Qe6 22.
b5 axb5 23. Nxd6 Rxa5 24. d5 Qf6 25. Bb4 Ra4 26. dxc6 bxc6 27. Rxc6 Bb7 28. Bc3
Qe6 29. Bxg7 Bxc6 30. Bxf8 Nxf8 31. Nxb5 Bxb5 32. Qxb5 Qxe4 33. Qb3 Ne6 34. Rg1
Nf4 35. Qe3 Ra1+ 36. Ne1 Qc4+ 0-1

[Event "76. Campeonato de Alemania"]
[Site "Altenkirchen GER"]
[Date "2005.02.22"]
[Round "5.11"]
[White "Kritz, Leonid"]
[Black "Schunk, Thomas"]
[Result "1-0"]
[WhiteElo "2547"]
[BlackElo "2280"]
[PlyCount "57"]
[EventDate "2005.02.18"]
[EventType "swiss"]
[EventRounds "9"]
[EventCountry "GER"]
[Source "lmi"]
[SourceDate "2005.02.23"]

1. e4 e5 2. Nf3 Nc6 3. Bb5 Nf6 4. O-O d6 5. d4 exd4 6. Nxd4 Bd7 7. Bxc6 bxc6 8.
Qf3 Be7 9. e5 dxe5 10. Nxc6 Bxc6 11. Qxc6+ Kf8 12. Nc3 Rb8 13. Rd1 Bd6 14. Qa6
h6 15. Qxa7 g6 16. b3 Kg7 17. Bb2 Qc8 18. Qe3 Ng4 19. Qe2 Qf5 20. Ne4 Qf4 21.
g3 Qf5 22. Nxd6 cxd6 23. Rxd6 Rhe8 24. Kg2 Kg8 25. f3 Nxh2 26. Kxh2 Qh5+ 27.
Kg2 e4 28. Rf1 Rbc8 29. Rd2 1-0

[Event "76. Campeonato de Alemania"]
[Site "Altenkirchen GER"]
[Date "2005.02.22"]
[Round "5.13"]
[White "Fish, Gennadij"]
[Black "Rabiega, Robert"]
[Result "1/2-1/2"]
[WhiteElo "2523"]
[BlackElo "2539"]
[PlyCount "40"]
[EventDate "2005.02.18"]
[EventType "swiss"]
[EventRounds "9"]
[EventCountry "GER"]
[Source "lmi"]
[SourceDate "2005.02.23"]

1. d4 Nf6 2. c4 e6 3. Nf3 d5 4. Nc3 dxc4 5. e3 a6 6. a4 c5 7. Bxc4 Nc6 8. O-O
Be7 9. Qe2 cxd4 10. Rd1 e5 11. exd4 exd4 12. Nxd4 Nxd4 13. Qe5 Qd6 14. Qxd6
Bxd6 15. Rxd4 Bc5 16. Rd1 O-O 17. h3 Be6 18. Bxe6 fxe6 19. Bg5 Rad8 20. Bxf6
gxf6 1/2-1/2

[Event "76. Campeonato de Alemania"]
[Site "Altenkirchen GER"]
[Date "2005.02.22"]
[Round "5.14"]
[White "Reuss, Andreas"]
[Black "Meister, Jakob"]
[Result "0-1"]
[WhiteElo "2370"]
[BlackElo "2519"]
[PlyCount "138"]
[EventDate "2005.02.18"]
[EventType "swiss"]
[EventRounds "9"]
[EventCountry "GER"]
[Source "lmi"]
[SourceDate "2005.02.23"]

1. d4 d5 2. Nf3 e6 3. Bf4 Bd6 4. Bxd6 Qxd6 5. c3 Nf6 6. e3 Nbd7 7. Qa4 O-O 8.
Qa3 Qb6 9. Qb3 Re8 10. Qxb6 axb6 11. Nbd2 e5 12. Nxe5 Nxe5 13. dxe5 Rxe5 14.
Bd3 Bd7 15. a3 Rg5 16. Kf1 Re5 17. h3 c5 18. Kg1 Bc6 19. Kh2 Re7 20. Rhd1 Rd8
21. Kg1 Kf8 22. Nf1 Ba4 23. Re1 Ne4 24. f3 Nf6 25. Re2 Nd7 26. Bc2 Bxc2 27.
Rxc2 Ne5 28. Rd1 Ke8 29. Kf2 f5 30. Rcd2 Red7 31. g4 fxg4 32. hxg4 Ke7 33. Ng3
Nc4 34. Rc2 b5 35. b3 Ne5 36. e4 dxe4 37. Rxd7+ Rxd7 38. Nxe4 c4 39. Nc5 Rd5
40. b4 b6 41. Ne4 Rd3 42. Ng5 Kf6 43. Re2 Nxg4+ 44. fxg4 Kxg5 45. Re5+ Kxg4 46.
Rxb5 Rf3+ 47. Ke2 Rf6 48. a4 h5 49. a5 bxa5 50. bxa5 g5 51. Rb1 Re6+ 52. Kf2 h4
53. Rg1+ Kf5 54. Ra1 Ra6 55. Ra4 g4 56. Kg2 h3+ 57. Kg3 Ke5 58. Rxc4 Rh6 59.
Rc5+ Ke4 60. a6 h2 61. a7 Rh3+ 62. Kf2 g3+ 63. Ke2 Rh8 64. Rh5 Rf8 65. Rh4+ Ke5
66. Rh5+ Kd6 67. Rh6+ Kc5 68. a8=Q Rxa8 69. Kf3 Ra1 0-1

[Event "76. Campeonato de Alemania"]
[Site "Altenkirchen GER"]
[Date "2005.02.22"]
[Round "5.15"]
[White "Handke, Florian"]
[Black "Pajeken, Wolfgang"]
[Result "1-0"]
[WhiteElo "2488"]
[BlackElo "2354"]
[PlyCount "39"]
[EventDate "2005.02.18"]
[EventType "swiss"]
[EventRounds "9"]
[EventCountry "GER"]
[Source "lmi"]
[SourceDate "2005.02.23"]

1. d4 d5 2. c4 c6 3. Nf3 Nf6 4. Nc3 a6 5. h3 dxc4 6. a4 e6 7. e3 c5 8. Bxc4 Nc6
9. O-O cxd4 10. exd4 Be7 11. Bg5 O-O 12. Qd2 Na5 13. Ba2 b5 14. d5 exd5 15.
axb5 axb5 16. Nxd5 Nxd5 17. Bxd5 Bxg5 18. Nxg5 Bb7 19. Bxf7+ Rxf7 20. Qxd8+ 1-0

[Event "76. Campeonato de Alemania"]
[Site "Altenkirchen GER"]
[Date "2005.02.22"]
[Round "5.16"]
[White "Kraemer, Martin"]
[Black "Henrichs, Thomas"]
[Result "1/2-1/2"]
[WhiteElo "2357"]
[BlackElo "2407"]
[PlyCount "130"]
[EventDate "2005.02.18"]
[EventType "swiss"]
[EventRounds "9"]
[EventCountry "GER"]
[Source "lmi"]
[SourceDate "2005.02.23"]

1. e4 c5 2. Nf3 d6 3. d4 cxd4 4. Nxd4 Nf6 5. Nc3 a6 6. Be3 Nc6 7. Be2 e6 8. f4
Be7 9. a3 O-O 10. Qd2 Rb8 11. O-O-O Nxd4 12. Bxd4 b5 13. e5 dxe5 14. Bxe5 Bb7
15. Qe3 Qc8 16. Bxb8 Qxb8 17. Bf3 b4 18. axb4 Bxf3 19. Qxf3 Qxb4 20. Rd3 Rb8
21. b3 g6 22. Rhd1 Qa5 23. Qe3 Rc8 24. Qd4 Ng4 25. Ne4 Qc7 26. R1d2 Qxf4 27.
Nd6 Bxd6 28. Qxd6 e5 29. h3 Ne3 30. Kb2 Kg7 31. Qb6 Nf5 32. Qxa6 Rc7 33. g4 e4
34. gxf5 exd3 35. Qxd3 Qe5+ 36. Qd4 Qxd4+ 37. Rxd4 Kf6 38. fxg6 hxg6 39. c4 Ke5
40. Kc3 f5 41. h4 f4 42. Rd5+ Ke4 43. Rg5 f3 44. Rxg6 Rf7 45. Re6+ Kf4 46. Re1
f2 47. Rf1 Ke3 48. c5 Ke2 49. Rxf2+ Kxf2 50. Kd4 Rf4+ 51. Kd5 Rxh4 52. c6 Rh5+
53. Kd4 Rh6 54. Kc5 Rh5+ 55. Kd4 Rh6 56. Kc5 Rh5+ 57. Kb6 Ke3 58. b4 Kd4 59. c7
Rh8 60. Kc6 Rh6+ 61. Kb7 Rh7 62. b5 Kc5 63. b6 Rh8 64. c8=Q+ Rxc8 65. Kxc8 Kxb6
1/2-1/2

[Event "76. Campeonato de Alemania"]
[Site "Altenkirchen GER"]
[Date "2005.02.22"]
[Round "5.17"]
[White "Solonar, Stephan"]
[Black "Schulz, Karsten"]
[Result "1/2-1/2"]
[WhiteElo "2393"]
[BlackElo "2310"]
[PlyCount "31"]
[EventDate "2005.02.18"]
[EventType "swiss"]
[EventRounds "9"]
[EventCountry "GER"]
[Source "lmi"]
[SourceDate "2005.02.23"]

1. c4 g6 2. e4 e5 3. Nf3 Bg7 4. d4 exd4 5. Nxd4 Nf6 6. Nc3 O-O 7. Be2 Re8 8. f3
c6 9. Bg5 h6 10. Bh4 d5 11. exd5 cxd5 12. O-O Nc6 13. Bf2 Nxd4 14. Bxd4 dxc4
15. Bxc4 Be6 16. Bb5 1/2-1/2

[Event "76. Campeonato de Alemania"]
[Site "Altenkirchen GER"]
[Date "2005.02.22"]
[Round "5.19"]
[White "Alber, Horst"]
[Black "Schneider, Bernd"]
[Result "1/2-1/2"]
[WhiteElo "2387"]
[BlackElo "2293"]
[PlyCount "52"]
[EventDate "2005.02.18"]
[EventType "swiss"]
[EventRounds "9"]
[EventCountry "GER"]
[Source "lmi"]
[SourceDate "2005.02.23"]

1. d4 Nf6 2. c4 e6 3. Nf3 Bb4+ 4. Bd2 Qe7 5. g3 Nc6 6. Bg2 O-O 7. O-O Bxd2 8.
Qxd2 d6 9. Nc3 a5 10. e4 e5 11. d5 Nb8 12. Ne1 Ng4 13. f3 Nh6 14. Nd3 Na6 15.
Rad1 Bd7 16. b3 b6 17. f4 f6 18. a3 Nc5 19. Nxc5 bxc5 20. f5 Rfb8 21. Rb1 Nf7
22. Rb2 Nd8 23. Rfb1 Nb7 24. Bf3 Kh8 25. Kh1 Rg8 26. Qe3 g5 1/2-1/2

[Event "76. Campeonato de Alemania"]
[Site "Altenkirchen GER"]
[Date "2005.02.22"]
[Round "5.20"]
[White "Namyslo, Holger"]
[Black "Deglmann, Ludwig"]
[Result "0-1"]
[WhiteElo "2314"]
[BlackElo "2361"]
[PlyCount "100"]
[EventDate "2005.02.18"]
[EventType "swiss"]
[EventRounds "9"]
[EventCountry "GER"]
[Source "lmi"]
[SourceDate "2005.02.23"]

1. e4 e6 2. d4 d5 3. Nc3 h6 4. exd5 exd5 5. Nf3 Nf6 6. Bd3 c5 7. O-O c4 8. Re1+
Be7 9. Bf1 O-O 10. Ne2 Bf5 11. Ng3 Bh7 12. Ne5 Nc6 13. c3 Bd6 14. b3 cxb3 15.
axb3 Re8 16. f4 Qb6 17. Be3 a5 18. Kh1 Ne4 19. Nxe4 Bxe4 20. Bd3 Bxd3 21. Qxd3
Ne7 22. c4 Bb4 23. Rf1 f6 24. Ng4 h5 25. Nf2 Qe6 26. Bd2 dxc4 27. bxc4 Bxd2 28.
Qxd2 Qxc4 29. Rfc1 Qe6 30. Rxa5 Rxa5 31. Qxa5 Nc6 32. Qd2 Nxd4 33. Rg1 Nf5 34.
Nd3 Qd5 35. Qc2 Ne3 36. Qe2 h4 37. h3 Re4 38. Nf2 Re7 39. Ng4 Nf5 40. Qb2 Ng3+
41. Kh2 Qf5 42. Qa2+ Kh7 43. Qf2 Re4 44. Ne3 Qc5 45. Re1 Rxe3 46. f5 Rxe1 47.
Qxe1 Qe5 48. Qd1 Nxf5+ 49. Kh1 Ne3 50. Qb1+ f5 0-1

[Event "76. Campeonato de Alemania"]
[Site "Altenkirchen GER"]
[Date "2005.02.22"]
[Round "5.21"]
[White "Leiber, Bernhard"]
[Black "Ljubarskij, Juri"]
[Result "1-0"]
[WhiteElo "2230"]
[BlackElo "2348"]
[PlyCount "141"]
[EventDate "2005.02.18"]
[EventType "swiss"]
[EventRounds "9"]
[EventCountry "GER"]
[Source "lmi"]
[SourceDate "2005.02.23"]

1. d4 d5 2. Nf3 c6 3. e3 Bg4 4. c4 e6 5. Nc3 Nd7 6. Bd3 Ngf6 7. Qb3 Qc7 8. Bd2
dxc4 9. Bxc4 Be7 10. e4 O-O 11. Be3 b5 12. Bd3 Bh5 13. Rc1 a6 14. e5 Nd5 15.
Nxd5 exd5 16. O-O c5 17. Qxd5 c4 18. Bf5 Rad8 19. Qe4 g6 20. Bxd7 Qxd7 21. Rfd1
f5 22. exf6 Bxf6 23. Rd2 Rde8 24. Ne5 Bxe5 25. dxe5 Qe6 26. Bh6 Rf7 27. Qe3 Bg4
28. h3 Bf5 29. Rd4 Rd7 30. Re1 Red8 31. Rxd7 Rxd7 32. Qc5 Re7 33. Re3 Re8 34.
g4 Qc8 35. Qd6 Be6 36. Rf3 Qd8 37. Qxd8 Rxd8 38. Rf6 Re8 39. Bd2 Bf7 40. f4 Re6
41. Rxe6 Bxe6 42. Kf2 Kf7 43. a3 Bd5 44. Kg3 Ke6 45. Bc3 Be4 46. Kh4 Bg2 47.
Kg3 Be4 48. h4 Bd3 49. h5 Bc2 50. Kh4 Bd3 51. Kg5 Bc2 52. Kh6 Kf7 53. Bd4 Bd3
54. Kxh7 gxh5+ 55. f5 hxg4 56. e6+ Ke7 57. Kg6 g3 58. Bc5+ Ke8 59. Kg5 Bxf5 60.
Kxf5 g2 61. Kf4 a5 62. Kf3 b4 63. axb4 axb4 64. Ke2 c3 65. b3 Kd8 66. Kf2 c2
67. Be3 Ke7 68. Kxg2 Kxe6 69. Kf3 Kd5 70. Ke2 Ke4 71. Bc1 1-0

[Event "76. Campeonato de Alemania"]
[Site "Altenkirchen GER"]
[Date "2005.02.22"]
[Round "5.22"]
[White "Bastian, Herbert"]
[Black "Dresen, Ulrich"]
[Result "1-0"]
[WhiteElo "2400"]
[BlackElo "2322"]
[PlyCount "101"]
[EventDate "2005.02.18"]
[EventType "swiss"]
[EventRounds "9"]
[EventCountry "GER"]
[Source "lmi"]
[SourceDate "2005.02.23"]

1. e4 d6 2. d4 Nf6 3. Bd3 e5 4. c3 Nbd7 5. Nf3 Be7 6. O-O O-O 7. Re1 c6 8. Nbd2
Re8 9. Nf1 Qc7 10. Ng3 Nf8 11. h3 Be6 12. c4 Rad8 13. d5 Bd7 14. Be3 Rc8 15.
Qd2 Qb8 16. Nh2 Bd8 17. Kh1 Ng6 18. Rac1 Kh8 19. b4 cxd5 20. exd5 e4 21. Be2 a5
22. a3 axb4 23. axb4 b6 24. Qd4 Qb7 25. Red1 Ra8 26. Ng4 Ra4 27. Qd2 Nxg4 28.
hxg4 f6 29. Ra1 Rxa1 30. Rxa1 Qc8 31. g5 fxg5 32. Bxg5 Bxg5 33. Qxg5 b5 34. Rc1
Re5 35. Qe3 bxc4 36. Bxc4 Qd8 37. b5 h5 38. b6 Bc8 39. Bb3 Bb7 40. Kg1 Ne7 41.
Rc7 Nxd5 42. Bxd5 Bxd5 43. Qc3 Qg5 44. b7 Bxb7 45. Rxb7 Qg4 46. Nf1 Qd1 47. Qg3
Qg4 48. Qxg4 hxg4 49. Rd7 g3 50. Rxd6 gxf2+ 51. Kxf2 1-0

[Event "76. Campeonato de Alemania"]
[Site "Altenkirchen GER"]
[Date "2005.02.22"]
[Round "5.23"]
[White "Asendorf, Joachim"]
[Black "Bischoff, Dieter"]
[Result "1-0"]
[WhiteElo "2282"]
[BlackElo "2145"]
[PlyCount "107"]
[EventDate "2005.02.18"]
[EventType "swiss"]
[EventRounds "9"]
[EventCountry "GER"]
[Source "lmi"]
[SourceDate "2005.02.23"]

1. c4 g6 2. g3 Bg7 3. Bg2 c5 4. Nc3 Nc6 5. a3 d6 6. Rb1 a5 7. Nf3 e5 8. O-O
Nge7 9. d3 O-O 10. Ne1 Be6 11. Bg5 f6 12. Be3 Rb8 13. Nc2 Qd7 14. b4 axb4 15.
axb4 b6 16. Bd2 Bh3 17. b5 Nd8 18. Ne3 Bxg2 19. Kxg2 Ne6 20. Ra1 Qb7+ 21. Kg1
Nc7 22. Qb3 Ra8 23. Nc2 Rxa1 24. Rxa1 Ra8 25. Rxa8+ Qxa8 26. e4 Kf7 27. Kg2 Nf5
28. Qa4 Ne7 29. Qb3 Ke8 30. Qa4 Qxa4 31. Nxa4 Nc8 32. h4 Bf8 33. g4 Be7 34. Kg3
Bd8 35. Ne3 Kf7 36. Ng2 Ne6 37. Be3 Ne7 38. f4 f5 39. fxe5 dxe5 40. exf5 gxf5
41. gxf5 Nxf5+ 42. Kg4 Nxe3+ 43. Nxe3 Nf4 44. Kf5 Bc7 45. Nd5 Nxd5 46. cxd5 Ke7
47. h5 Kd6 48. Ke4 Ke7 49. Nb2 Kf6 50. Nc4 Kg5 51. d6 Bd8 52. Nxe5 Kxh5 53. Kf5
Kh4 54. Nf7 1-0